000 00983nas1a22002651i 4500
001 RU\NLR\Per\556167
005 20241102004615.0
035 _a(NLR Aleph) 002799224
090 _a2565763
_c2565763
100 _a20080718a20079999|||y0rusy50 ca
101 0 _arus
102 _aRU
110 _aau|||||||||
200 1 _aФормы +. Оснастка для переработки полимерных материалов
210 _aМосква
_cОтраслевые ведомости
_d2007 -
517 1 _aОснастка для переработки полимерных материалов
606 _aПрессформы для пластических масс
_jПериодические издания
_91105758
_3RU\NLR\AUTH\66436102
686 1 _aЛ710.511-51я52
801 0 _aRU
_bNLR
_gPSBO
801 1 _aRU
_bNLR
_c20080718
_2rusmarc
801 2 _aRU
_bNLR
_c20080718
_2rusmarc
852 _aNLR
_jП11/5490
942 _cJOURNAL
980 _aRUSPER